<?xml version="1.0" encoding="UTF-8"?>
<record
    xmlns:xsi="http://www.w3.org/2001/XMLSchema-instance"
    xsi:schemaLocation="http://www.loc.gov/MARC21/slim http://www.loc.gov/standards/marcxml/schema/MARC21slim.xsd"
    xmlns="http://www.loc.gov/MARC21/slim">

  <leader>01080    a2200193   4500</leader>
  <controlfield tag="003">Nust</controlfield>
  <controlfield tag="005">20170207154103.0</controlfield>
  <datafield tag="020" ind1=" " ind2=" ">
    <subfield code="a">81-203-23149(case-)</subfield>
  </datafield>
  <datafield tag="040" ind1=" " ind2=" ">
    <subfield code="c">Nust</subfield>
  </datafield>
  <datafield tag="082" ind1=" " ind2=" ">
    <subfield code="a">621.381</subfield>
  </datafield>
  <datafield tag="100" ind1=" " ind2=" ">
    <subfield code="a">Tocci, Ronald J.</subfield>
  </datafield>
  <datafield tag="245" ind1=" " ind2=" ">
    <subfield code="a">Digital systems :</subfield>
    <subfield code="b">principles and applications /</subfield>
    <subfield code="c">Ronald J. Tocci, Neal S. Widmer.</subfield>
  </datafield>
  <datafield tag="250" ind1=" " ind2=" ">
    <subfield code="a">8th ed</subfield>
  </datafield>
  <datafield tag="260" ind1=" " ind2=" ">
    <subfield code="a">Upper Saddle River, N.J. :</subfield>
    <subfield code="b">Prentice Hall,</subfield>
    <subfield code="c">c2001</subfield>
  </datafield>
  <datafield tag="300" ind1=" " ind2=" ">
    <subfield code="a">xxiv,881p;</subfield>
  </datafield>
  <datafield tag="505" ind1=" " ind2=" ">
    <subfield code="a">Introductory to Concepts (Page-2) Number Systems and Cods (Page-24) Logic Gates and Boolean Algebra (Page-56) Combinational Logic Circuits (Page-112) Flip Flops and Related Devices (Page-180) Digital Arithmetic :Operations and Circuits (Page-262) Counters and Register (Page-318) Integrated Circuits Logic Families (Page-414) MSI Logic Circuits (Page-510) Interfacing with the Analog World (Page-602) Memory Devices (Page-670) Application of a Programmable  Logic Devices (Page-772) Introduction to the Microprocessor and Microcomputers (Page-804)  </subfield>
  </datafield>
  <datafield tag="538" ind1=" " ind2=" ">
    <subfield code="a">Almirah No.24 and Shelf No.6</subfield>
  </datafield>
  <datafield tag="650" ind1=" " ind2=" ">
    <subfield code="a">Telecommunication Engineering.</subfield>
  </datafield>
  <datafield tag="942" ind1=" " ind2=" ">
    <subfield code="c">REF</subfield>
  </datafield>
  <datafield tag="999" ind1=" " ind2=" ">
    <subfield code="c">193650</subfield>
    <subfield code="d">193650</subfield>
  </datafield>
  <datafield tag="952" ind1=" " ind2=" ">
    <subfield code="0">0</subfield>
    <subfield code="1">0</subfield>
    <subfield code="2">ddc</subfield>
    <subfield code="4">0</subfield>
    <subfield code="7">0</subfield>
    <subfield code="8">NFIC</subfield>
    <subfield code="a">MCS</subfield>
    <subfield code="b">MCS</subfield>
    <subfield code="d">2016-12-12</subfield>
    <subfield code="l">0</subfield>
    <subfield code="o">621.381  TOC</subfield>
    <subfield code="p">MCS31175</subfield>
    <subfield code="r">2016-12-08</subfield>
    <subfield code="w">2016-12-12</subfield>
    <subfield code="y">BK</subfield>
  </datafield>
</record>
